Confucianism

में बचाया:
ग्रंथसूची विवरण
मुख्य लेखक: Chai, Ch'u
स्वरूप: पुस्तक
भाषा:Undetermined
प्रकाशित: Woodbury, N.Y. Barron’s Educational Series 1973
विषय:
टैग : टैग जोड़ें
कोई टैग नहीं, इस रिकॉर्ड को टैग करने वाले पहले व्यक्ति बनें!
Thư viện lưu trữ: Trung tâm Học liệu Trường Đại học Cần Thơ
LEADER 00506nam a2200181Ia 4500
001 CTU_107344
008 210402s9999 xx 000 0 und d
082 |a 181.09512 
082 |b C434 
100 |a Chai, Ch'u 
245 0 |a Confucianism 
245 0 |c Ch'u Chai, Winberg Chai. 
260 |a Woodbury, N.Y. 
260 |b Barron’s Educational Series 
260 |c 1973 
650 |a Philosophy, confucian.,Neo-confucianism. 
904 |i Năm 
980 |a Trung tâm Học liệu Trường Đại học Cần Thơ